00706cam a22002414a 450000100090000000300040000900500170001300800410003001000170007102000220008804000180011004200140012805000280014210000200017024500780019026000360026830000420030444000320034652100070037852600070038565000420039270000300043413887764OSt20140310184446.0050303s2005 nyua j 000 0 eng  a 2005005657 a0439738628 (pbk.) aDLCcDLCdDLC apccalcac00aGV 1507.P47b.M284 20051 aMarzollo, Jean.10aI spy a penguin /criddles by Jean Marzollo ; photographs by Walter Wick. aNew York :bScholastic,cc2005. a1 v. (unpaged) :bcol. ill. ;c23 cm. 0aScholastic reader.nLevel 1 aBR cBR 0aPicture puzzlesvJuvenile literature.1 aWick, Walter,d1953-eill